000 00215nam a2200097Ia 4500
008 220204s9999 xx 000 0 und d
082 _a82-34
_bFOL
100 _aAsha Dhar
245 0 _aFolk tales of Iran
942 _cBK
999 _c32474
_d32474